Green technology for environment management (Record no. 395715)

MARC details
000 -LEADER
fixed length control field 00580 a2200217 4500
005 - DATE & TIME
control field 20260202164002.0
008 - FIXED-LENGTH DATA ELEMENTS--GENERAL INFORMATION
fixed length control field 260202b |||||||| |||| 00| 0 eng d
020 ## - ISBN
International Standard Book Number 9789354613791
Price Rs. 3995.00
040 ## - CATALOGING SOURCE
Original cataloging agency VIVEKANANDA LIBRARY
082 ## - DDC NUMBER
Classification number 628
Book Number B542G
100 ## - MAIN ENTRY--PERSONAL NAME
Personal name Biswal, Anil Kumar, ed.
245 ## - TITLE STATEMENT
Title Green technology for environment management
260 ## - PUBLICATION, DISTRIBUTION, ETC. (IMPRINT)
Name of publisher, distributor, etc Daya Publishing House
Date of publication, distribution, etc 2023
Place of publication, distribution, etc New Delhi
300 ## - PHYSICAL DESCRIPTION
Pages x, 505
650 ## - Subject
Subject Engineering
650 ## - Subject
Subject Sanitary
650 ## - Subject
Subject Environmental Science
650 ## - Subject
Subject Biodiversity
700 ## - Added Entry Personal Name
Added Entry Personal Name Thatoi, H N, ed.
942 ## - ADDED ENTRY ELEMENTS (KOHA)
Koha item type Books
Holdings
Withdrawn status Lost status Source of classification or shelving scheme Damaged status Not for loan Location (home branch) Sublocation or collection (holding branch) Shelving location Date acquired Koha issues (times borrowed) Koha full call number Accession No. Koha date last seen Koha item type
    Dewey Decimal Classification     VIVEKANANDA LIBRARY VIVEKANANDA LIBRARY Vivekananda Library 07/01/2026   628 B542G 444000 07/01/2026 Books
© Designed and Maintained by Vivekananda Library, MDU Rohtak